Les champions du monde de moto GP -1949/2023 - Statistiques

Statistiques générales
  • Ce quiz a été pris 157 fois
    100 depuis la dernière actualisation
  • Le résultat moyen est 9 sur 28
Statistiques - réponses
Date Champion % Correct
2013-2014, 2016-2019 Marc Márquez
95%
2021 Fabio Quartararo
94%
2001-2005, 2008-2009 Valentino Rossi
92%
2022-2023 Francesco Bagnaia
91%
2020 Joan Mir
86%
2010, 2012, 2015 Jorge Lorenzo
81%
2007, 2011 Casey Stoner
68%
2006 Nicky Hayden
51%
1994-1998 Mick Doohan
46%
1966-1972 , 1975 Giacomo Agostini
44%
2000 Kenny Roberts Jr
27%
1999 Àlex Crivillé
20%
1984, 1986, 1988-1989 Eddie Lawson
20%
1956, 1958-1960 John Surtees
19%
1990-1992 Wayne Rainey
16%
1993 Kevin Schwantz
13%
1962-1965 Mike Hailwood
11%
1978-1980 Kenny Roberts
10%
1949 Leslie Graham
10%
1983, 1985 Freddie Spencer
9%
1951, 1953-1955 Geoff Duke
9%
1987 Wayne Gardner
9%
1976-1977 Barry Sheene
5%
1982 Franco Uncini
5%
1981 Marco Lucchinelli
4%
1973-1974 Phil Read
3%
1950, 1952 Umberto Masetti
3%
1961 Gary Hocking
1%
Aucun quiz correspondant
Distribution des résultats
% des personnes avec chaque résultat
Percentile par nombre de réponses
Votre historique - résultats
Vous n’avez pas pris ce quiz depuis la dernière actualisation